Episodes of 9-1-1 - Statistics

General Stats
  • This quiz has been taken 245 times
    17 since last reset
  • The average score is 88 of 142
Answer Stats
Episode Number Episode Title % Correct
815 Lab Rats
100%
404 9-1-1, What's Your Grievance?
89%
307 Athena Begins
89%
216 Bobby Begins Again
89%
506 Brawl in Cell Block 9-1-1
89%
208 Buck, Actually
89%
704 Buck, Bothered and Bewildered
89%
212 Chimney Begins
89%
817 Don't Drink the Water
89%
315 Eddie Begins
89%
209 Hen Begins
89%
406 Jinx
89%
215 Ocean's 9-1-1
89%
101 Pilot
89%
302 Sink or Swim
89%
314 The Taking of Dispatch 9-1-1
89%
201 Under Pressure
89%
710 All Fall Down
78%
512 Boston
78%
405 Buck Begins
78%
801 Buzzkill
78%
703 Capsized
78%
806 Confessions
78%
206 Dosed
78%
213 Fight or Flight
78%
107 Full Moon (Creepy AF)
78%
918 Hearts and Flowers
78%
610 In a Flash
78%
301 Kids Today
78%
516 May Day
78%
210 Merry Ex-Mas
78%
306 Monsters
78%
913 Mother's Boy
78%
818 Seismic Shifts
78%
814 Sick Day
78%
414 Survivors
78%
413 Suspicion
78%
816 The Last Alarm
78%
706 There Goes the Groom
78%
412 Treasure Hunt
78%
202 7.1
67%
604 Animal Instincts
67%
709 Ashes, Ashes
67%
607 Cursed
67%
615 Death and Taxes
67%
901 Eat the Rich
67%
403 Future Tense
67%
207 Haunted
67%
106 Heartbreaker
67%
811 Holy Mother of God
67%
807 Hotshots
67%
917 I Got You Babe
67%
611 In Another Life
67%
813 Invisible
67%
108 Karma's a Bitch
67%
601 Let the Games Begin
67%
501 Panic
67%
612 Recovery
67%
609 Red Flag
67%
809 Sob Stories
67%
204 Stuck
67%
603 The Devil You Know
67%
401 The New Abnormal
67%
303 The Searchers
67%
218 This Life We Choose
67%
109 Trapped
67%
810 Voices
67%
802 When the Boeing Gets Tough...
67%
104 Worst Day Ever
67%
510 Wrapped in Red
67%
705 You Don't Know Me
67%
402 Alone Together
56%
110 A Whole New You
56%
409 Blindsided
56%
217 Careful What You Wish For
56%
310 Christmas Spirit
56%
602 Crash & Learn
56%
912 Dads and Cads
56%
503 Desperate Measures
56%
502 Desperate Times
56%
905 Día de los Muertos
56%
812 Disconnected
56%
514 Dumb Luck
56%
513 Fear-O-Phobia
56%
411 First Responders
56%
515 FOMO
56%
312 Fools
56%
507 Ghost Stories
56%
911 Going Once, Going Twice
56%
203 Help Is Not Coming
56%
504 Home and Away
56%
605 Home Invasion
56%
102 Let Go
56%
613 Mixed Feelings
56%
103 Next of Kin
56%
511 Outside Looking In
56%
410 Parenthood
56%
618 Pay It Forward
56%
505 Peer Pressure
56%
614 Performance Anxiety
56%
915 Pick Your Poison
56%
105 Point of Origin
56%
702 Rock the Boat
56%
606 Tomorrow
56%
808 Wannabes
56%
908 War
56%
701 Abandon Ships
44%
205 Awful People
44%
408 Breaking Point
44%
214 Broken
44%
508 Defend in Place
44%
914 D.I.Y
44%
309 Fallout
44%
803 Final Approach
44%
707 Ghost of a Second Chance
44%
517 Hero Complex
44%
616 Lost & Found
44%
617 Love Is in the Air
44%
805 Masks
44%
211 New Beginnings
44%
804 No Place Like Home
44%
509 Past is Prologue
44%
305 Rage
44%
904 Reentry
44%
907 Secrets
44%
311 Seize the Day
44%
518 Starting Over
44%
708 Step Nine
44%
316 The One That Got Away
44%
407 There Goes the Neighborhood
44%
903 The Sky Is Falling
44%
304 Triggers
44%
318 What's Next?
44%
608 What's Your Fantasy?
44%
906 Family History
33%
909 Fighting Back
33%
910 Handle with Care
33%
308 Malfunction
33%
313 Pinned
33%
317 Powerless
33%
902 Spiraling
33%
916 Where There's Smoke
33%
No matching quizzes found
Score Distribution
Percent of People with Each Score
Percentile by Number Answered
Your Score History
You have not taken this quiz since the last reset